00711nam a22001937a 4500999001900000005001700019010001500036020002600051035001400077037001300091082000800104100002100112245006100133260007100194270008400265300002700349942002200376952011900398 c188164d18816420220511151509.0 aENG-132594 a9789384566098c300.00 aEN-116126 bDBAD/PUB a921 aKothari, Namrata aMan And Nation:bMonograph Series No.3/cNamrata Kothari bSecretary Institute Of Social And Cultural Studies c2018aKolkata a484/2, Dr. Suresh Sarkar RoadbKolkatae700014k033-65339003miccskol@gmail.com a194pc20cm(pbk)bIndex 2ddccENmKOTh921 001040718NFICaDBADbMd2022-05-11eDBAD/PUBg300.00l0o921 KOTpEN-116126r2022-05-11 00:00:00t1v300.00yEN